书目信息 |
| 题名: |
孩子成长的7个重大问题
|
|
| 作者: | 时遂营 , 王立秋 编写 | |
| 分册: | ||
| 出版信息: | 北京 中国对外翻译出版公司 2004 |
|
| 页数: | 282页 | |
| 开本: | 21cm | |
| 丛书名: | 成功教育书系 | |
| 单 册: | ||
| 中图分类: | G421 | |
| 科图分类: | ||
| 主题词: | 青少年--能力培养 | |
| 电子资源: | ||
| ISBN: | 7-5001-1220-3 | |
| 000 | 01285nam0 2200361 450 | |
| 000 | 01248nam0 2200349 450 | |
| 000 | 01246nam0 2200361 450 | |
| 000 | 01192nam0 2200337 450 | |
| 000 | 01210nam0 2200325 450 | |
| 000 | 01173nam0 2200313 45 | |
| 001 | TS2006013180 | |
| 005 | 20070117163230.79 | |
| 010 | @a7-5001-1220-3@dCNY18.00 | |
| 100 | @a20060829d2004 em y0chiy0110 ea | |
| 101 | 0 | @achi |
| 102 | @aCN@b110000 | |
| 105 | @aa z 000yy | |
| 200 | 1 | @a孩子成长的7个重大问题@AHai Zi Cheng Chang De 7 Ge Zhong Da Wen Ti@f王立秋, 时遂营编写@FWang Li Qiu , Shi Sui Ying Bian Xie |
| 210 | @a北京@c中国对外翻译出版公司@d2004 | |
| 215 | @a282页@d21cm | |
| 225 | 2 | @a成功教育书系 |
| 300 | @a北京师范大学博士生导师王泉根推荐 | |
| 304 | @a封面书脊题: 张国龙主编 | |
| 330 | @a本书对青少年的能力培养进行指导,针对成长阶段青少年所必备的素质,从学会“锻炼、生活、做人、做事”等方面提供了可行的建议。 | |
| 410 | 0 | @12001 @a成功教育书系 |
| 606 | 0 | @a青少年@x能力培养 |
| 690 | @aG421@v4 | |
| 701 | 0 | @a时遂营@AShi Sui Ying@f(1972~)@4编写 |
| 701 | 0 | @a王立秋@AWang Li Qiu@4编写 |
| 801 | 0 | @aCN@b中图数据@c20070117 |
| 905 | @a10447@dG421@e152 | |
| 孩子成长的7个重大问题/王立秋, 时遂营编写.-北京:中国对外翻译出版公司,2004 |
| 282页;21cm.-(成功教育书系) |
| 北京师范大学博士生导师王泉根推荐 |
| ISBN 7-5001-1220-3:CNY18.00 |
| 本书对青少年的能力培养进行指导,针对成长阶段青少年所必备的素质,从学会“锻炼、生活、做人、做事”等方面提供了可行的建议。 |
| ● |
| 相关链接 |
|
|
|
|
正题名:孩子成长的7个重大问题
索取号:G421/152
 
预约/预借
| 序号 | 登录号 | 条形码 | 馆藏地/架位号 | 状态 | 备注 |
| 1 | 0602532 | 206025326 | 第一样本阅览室/ [索取号:G421/152] | 在馆 | |
| 2 | 0602533 | 206025335 | 第四借阅区/ [索取号:G421/152] | 在馆 | |
| 3 | 0602534 | 206025344 | 第四借阅区/ [索取号:G421/152] | 在馆 | |
| 4 | 0602535 | 206025353 | 第四借阅区/ [索取号:G421/152] | 在馆 | |
| 5 | 0602536 | 206025362 | 第四借阅区/ [索取号:G421/152] | 在馆 |